US States with the Most Lightning ⚡️ - Statistics

General Stats
  • This quiz has been taken 237 times
  • The average score is 9 of 13
Answer Stats
State % Correct
Florida
94%
Texas
93%
Oklahoma
86%
Kansas
85%
Nebraska
77%
Colorado
72%
Louisiana
72%
South Dakota
69%
Illinois
67%
Iowa
67%
Missouri
66%
New Mexico
63%
Delaware
19%
No matching quizzes found
Score Distribution
Percent of People with Each Score
Percentile by Number Answered
Your Score History
You have not taken this quiz